Synopse der vier evangelien: grieschisch-deutsche Ausgabe der sinopsis quattuor evangeliorum
Guardat en:
| Autor principal: | |
|---|---|
| Format: | Llibre |
| Idioma: | alemany grec |
| Publicat: |
Stuttgart
Deutsche Bibelgesellschaft
1989
|
| Edició: | 1a. ed |
| Matèries: | |
| Etiquetes: |
Afegir etiqueta
Sense etiquetes, Sigues el primer a etiquetar aquest registre!
|
MARC
| LEADER | 00000cam a2200000 a 4500 | ||
|---|---|---|---|
| 001 | UCE7622 | ||
| 003 | CL-VaPUC | ||
| 008 | 150626e19890000gw |||||||||||||||||ger|d | ||
| 020 | |a 3348054043 | ||
| 041 | 0 | 7 | |a ger |2 CL-VaPUC |
| 041 | 0 | 7 | |a gre |2 CL-VaPUC |
| 082 | 0 | 4 | |a 225 |b ALA |2 21 |
| 100 | 0 | |a Aland, Kurt |e author |9 580296 | |
| 245 | 1 | 0 | |a Synopse der vier evangelien: grieschisch-deutsche Ausgabe der sinopsis quattuor evangeliorum |
| 250 | |a 1a. ed | ||
| 300 | |a 361 p | ||
| 942 | |c BK | ||
| 945 | |d 20150626 15:30:00 |a gsalatino | ||
| 260 | |a Stuttgart |b Deutsche Bibelgesellschaft |c 1989 | ||
| 650 | 7 | |a EVANGELIO |2 CL-VaPUC |9 368586 | |
| 583 | |a last modification |c 20150626 15:30:00 |k Rodrigo Vera | ||
| 999 | |c 359677 |d 359675 | ||
| 952 | |0 0 |1 0 |3 erd |4 0 |6 225_000000000000000_ALA_1989 |7 0 |8 A |9 469072 |a BIBTEO |b BIBTEO |e Casale Rolle, Carlos Ignacio, -2014 |i 5181526 |o 225 ALA 1989 |p 5181526 |r 2025-01-17 |w 2019-11-23 |y BK |z Catalogado en:20150626 |k ICR | ||